000 00738nas a2200253 4500
001 BR9204683
003 BR-BrBNA
005 20231205092750.0
007 ta
008 230509b bl.|||p| |||| 00| 00por d
040 _aBR-BrBNA
_bpor
_cBiblioteca Nacional de Agricultura
041 _a(Pt)
072 _aH20
100 1 _aTokeshi, H.
100 1 _aGalli, F.
100 1 _aNamekata, T.
245 1 _aDeterminacao de raca fisiologia de fusarium oxyporum f. conglutinans (Wr.)Sny. Hans.
650 _aCOUVE-FLOR
650 _aFUSARIOSE
650 _aVARIEDADE RESISTENTE
773 0 _tRevista de Olericultura (Brazil)
_x
_g(1964), v. 4 p. 75-78
_wBR9204683
909 _a202311
_bLúcia
_c55
_dLúcia Elande
942 _2AGRIS
_n0
_cANA
999 _c134009
_d134009